XII Encuentro de cátedras de ciencias sociales y humanisticas para la ciencias económicas (Registro nro. 4191)

Detalles MARC
000 -LEADER
fixed length control field 01451 a2200217 4500
001 - CONTROL NUMBER
control field 46376
005 - DATE AND TIME OF LATEST TRANSACTION
control field 20260407155735.0
008 - FIXED-LENGTH DATA ELEMENTS--GENERAL INFORMATION
fixed length control field 260407a2006 arg spa d
003 - CONTROL NUMBER IDENTIFIER
control field AR-UNSa-BCEJYS
040 ## - CATALOGING SOURCE
Original cataloging agency AR-UNSa-BCEJYS
Language of cataloging spa
Transcribing agency AR-UNSa-BCEJYS
080 ## - UNIVERSAL DECIMAL CLASSIFICATION NUMBER
Universal Decimal Classification number 303.1
Common auxiliary subdivision Metodología general en la investigación social
020 ## - INTERNATIONAL STANDARD BOOK NUMBER
International Standard Book Number 978-950-721-315-1
100 1# - MAIN ENTRY--PERSONAL NAME
Personal name Universidad Nacional de Salta, Facultad de Ciencias Económicas
245 10 - TITLE STATEMENT
Title XII Encuentro de cátedras de ciencias sociales y humanisticas para la ciencias económicas
264 #1 - PRODUCTION, PUBLICATION, DISTRIBUTION, MANUFACTURE, AND COPYRIGHT NOTICE
Place of production, publication, distribution, manufacture San Salvador de Jujuy :
Name of producer, publisher, distributor, manufacturer Universidad Nacional de Jujuy
Date of production, publication, distribution, manufacture, or copyright notice 2006
300 ## - PHYSICAL DESCRIPTION
Extent 550 p.
Dimensions 21 cm
505 ## - FORMATTED CONTENTS NOTE
Formatted contents note 1. La inserción de las asignaturas de ciencias sociales en la currícula de las facultades de ciencias económicas – 2. La formación de recursos humanos en proyectos de desarrollo social – 3. El aporte en las cátedras de ciencias sociales en la generación y transferencia del conocimiento – 4. Desarrollo social, político y económico – 5. Las transformaciones en el mundo del trabajo y las nuevas respuestas sindicales – 6. Las organizaciones como espacio de (re)construcción social – 7. Simposio desarrollo e industrialismo – 8. Simposio estado y políticas públicas en Argentina (1946-1976). Múltiples miradas en el campo sociocultural, político y económico.
590 ## - LOCAL NOTE (RLIN)
Local note niveau_biblio:m niveau_hierar:0
700 1# - ADDED ENTRY--PERSONAL NAME
Personal name Universidad Nacional de Jujuy
942 ## - ADDED ENTRY ELEMENTS (KOHA)
Koha item type
Existencias
Withdrawn status Lost status Damaged status Not for loan Home library Current library Shelving location Date acquired Total checkouts Full call number Barcode Date last seen Price effective from Koha item type
        Biblioteca Prof. Eusebio Cleto del Rey Biblioteca Prof. Eusebio Cleto del Rey   07/04/2026   303.1 U58 L119718 07/04/2026 07/04/2026 Libro